[Event "Golden Sands op-B"]
[Site "Golden Sands"]
[Date "2015.06.15"]
[Round "8"]
[White "Gountras, Klearhos Agelos"]
[Black "Stojanov, Alexandar"]
[Result "0-1"]
[WhiteElo "2092"]
[BlackElo "2125"]
[PlyCount "96"]
[EventDate "2015.06.08"]
[EventType "swiss"]
[EventRounds "9"]
[EventCountry "BUL"]
[SourceTitle "CBM 167 Extra"]
[Source "ChessBase"]
[SourceDate "2015.09.14"]
[SourceVersion "1"]
[SourceVersionDate "2015.09.14"]
[SourceQuality "1"]

1. c4 e5 2. g3 f5 3. d4 Bb4+ 4. Bd2 Bxd2+ 5. Qxd2 d6 6. Nc3 Nc6 7. dxe5 dxe5 8. Qxd8+ Nxd8 9. Nb5 Ne6 10. Nf3 a6 11. Nc3 e4 12. Ne5 Nf6 13. f3 exf3 14. exf3 f4 15. Bd3 Nd7 16. Nxd7 Bxd7 17. 0-0-0 0-0-0 18. Nd5 Rdf8 19. g4 Re8 20. h4 Nd4 21. Rhf1 c5 22. b4 Bc6 23. bxc5 Kb8 24. Kb2 Ne6 25. Bf5 Nxc5 26. Nxf4 g6 27. Bc2 Rhf8 28. Nd5 Re2 29. Kc3 Rh2 30. h5 gxh5 31. g5 Ne6 32. f4 Bxd5 33. cxd5 Nxf4 34. Bxh7 Nxd5+ 35. Kd4 Nf4 36. g6 Rg2 37. Rh1 Nxg6 38. Rxh5 Nf4 39. Rhh1 Rxa2 40. Rb1 Ne2+ 41. Ke3 Re8+ 42. Kd3 Nf4+ 43. Kd4 Ra3 44. Rb4 Ne2+ 45. Kc5 a5 46. Rb2 Kc7 47. Re1 Re5+ 48. Kc4 Rc3# 0-1

[Event "Skopje Karposh op"]
[Site "Skopje"]
[Date "2015.04.03"]
[Round "9"]
[White "Gountras, Klearhos Agelos"]
[Black "Cvetkovic, Srdjan"]
[Result "1-0"]
[WhiteElo "2005"]
[BlackElo "2296"]
[PlyCount "133"]
[EventDate "2015.03.27"]
[EventType "swiss"]
[EventRounds "9"]
[EventCountry "MKD"]
[SourceTitle "CBM 165 Extra"]
[Source "ChessBase"]
[SourceDate "2015.04.21"]
[SourceVersion "1"]
[SourceVersionDate "2015.04.21"]
[SourceQuality "1"]

1. c4 b6 2. Nc3 e6 3. e4 Bb7 4. g3 Bb4 5. Nge2 Ne7 6. Bg2 f5 7. d3 fxe4 8. dxe4 0-0 9. 0-0 Bc5 10. Na4 e5 11. Rb1 Nbc6 12. Bd2 a5 13. a3 Nd4 14. Nec3 Ng6 15. b4 axb4 16. axb4 Be7 17. Be3 Ne6 18. c5 bxc5 19. Nxc5 Nxc5 20. bxc5 Bc6 21. Qd2 Rf7 22. Nd5 Nf8 23. Qc3 Bf6 24. Bh3 Ne6 25. Rfd1 Nd4 26. Bxd4 exd4 27. Nxf6+ Qxf6 28. Qxd4 Qg6 29. Bg2 h5 30. h4 Ra4 31. Rb8+ Kh7 32. Rb4 Ra2 33. Rd2 Ra5 34. Bh3 Qf6 35. Qxf6 Rxf6 36. Rc4 Rf7 37. f4 Re7 38. Bg2 Re8 39. e5 Bb5 40. Rc3 Kg6 41. c6 dxc6 42. Be4+ Kf7 43. Rd7+ Re7 44. Bg6+ Ke6 45. Rxe7+ Kxe7 46. Bxh5 Ke6 47. Bf3 Ra1+ 48. Kf2 Kf5 49. Ke3 Re1+ 50. Kd4 Rg1 51. Be4+ Ke6 52. Kc5 Kd7 53. Kd4 Ke6 54. Bxc6 Bxc6 55. Rxc6+ Kf5 56. Rc3 Rd1+ 57. Kc5 Rd7 58. Kc6 Re7 59. Kb7 c5+ 60. Kb6 Kg4 61. Kxc5 Rc7+ 62. Kd4 Re7 63. Ke4 Ra7 64. e6 Ra4+ 65. Ke5 Ra5+ 66. Kd6 Kf5 67. e7 1-0

[Event "Skopje Karposh op"]
[Site "Skopje"]
[Date "2015.03.28"]
[Round "2"]
[White "Koksal, Ege"]
[Black "Gountras, Klearhos Agelos"]
[Result "1-0"]
[WhiteElo "2339"]
[BlackElo "2005"]
[PlyCount "99"]
[EventDate "2015.03.27"]
[EventType "swiss"]
[EventRounds "9"]
[EventCountry "MKD"]
[SourceTitle "CBM 165 Extra"]
[Source "ChessBase"]
[SourceDate "2015.04.21"]
[SourceVersion "1"]
[SourceVersionDate "2015.04.21"]
[SourceQuality "1"]

1. d4 Nf6 2. c4 g6 3. Nc3 Bg7 4. g3 0-0 5. Bg2 d6 6. Nf3 Nc6 7. 0-0 a6 8. Nd5 Nh5 9. Bg5 h6 10. Be3 e6 11. Nc3 f5 12. Qd2 Kh7 13. d5 Na5 14. b3 e5 15. c5 dxc5 16. Bxc5 Rf7 17. e4 b6 18. Ba3 f4 19. Qe2 Nb7 20. Nd2 Nd6 21. Nc4 Nb5 22. Bb2 f3 23. Bxf3 Nd4 24. Bxh5 Nxe2+ 25. Bxe2 b5 26. Na5 c5 27. Nc6 Qe8 28. a4 b4 29. Nd1 Bd7 30. Na5 Qd8 31. Nc4 Re7 32. Nde3 h5 33. Ng2 Qe8 34. Nh4 g5 35. Nf5 Bxf5 36. Nd6 Qg6 37. Nxf5 Rc8 38. Rac1 Bf8 39. h3 Ra7 40. g4 hxg4 41. hxg4 Kg8 42. Kg2 Rf7 43. Rh1 Rxf5 44. gxf5 Qf6 45. Rh5 Bd6 46. Rch1 Bf8 47. Bc4 Bg7 48. Bc1 Qd6 49. Bxg5 Rf8 50. Be7 1-0

[Event "Golden Sands Europe op 3rd"]
[Site "Golden Sands"]
[Date "2014.06.16"]
[Round "7"]
[White "Setyaki, Azarya Jodi"]
[Black "Gountras, Klearhos Agelos"]
[Result "1-0"]
[WhiteElo "2217"]
[BlackElo "2048"]
[PlyCount "79"]
[EventDate "2014.06.10"]
[EventType "swiss"]
[EventRounds "9"]
[EventCountry "BUL"]
[SourceTitle "CBM 160 Extra"]
[Source "ChessBase"]
[SourceDate "2014.07.01"]
[SourceVersion "1"]
[SourceVersionDate "2014.07.01"]
[SourceQuality "1"]

1. e4 g6 2. d4 Bg7 3. Nc3 d6 4. f4 a6 5. Nf3 b5 6. Bd3 Nd7 7. a4 b4 8. Ne2 c5 9. c3 bxc3 10. bxc3 Qc7 11. 0-0 Bb7 12. Rb1 Ngf6 13. e5 Nd5 14. Be4 f5 15. Ng5 fxe4 16. Ne6 Qc6 17. c4 N7b6 18. cxd5 Nxd5 19. dxc5 dxe5 20. Nxg7+ Kf7 21. fxe5+ Kxg7 22. Nd4 Qc8 23. Rxb7 Qxb7 24. Qg4 Rhf8 25. Ne6+ Kg8 26. Nxf8 Rxf8 27. Qe6+ Kg7 28. Bh6+ Kxh6 29. Rxf8 Ne3 30. Kf2 Qb1 31. Kxe3 Qe1+ 32. Kd4 Qd2+ 33. Kxe4 Qe2+ 34. Kf4 Qf2+ 35. Kg4 Qxf8 36. c6 Qf2 37. Kh3 Qe3+ 38. g3 Qf3 39. Qc4 g5 40. c7 1-0

[Event "Thessaloniki Triandria op 5th"]
[Site "Thessaloniki"]
[Date "2012.04.21"]
[Round "6"]
[White "Gountras, Klearhos Agelos"]
[Black "Stavrakakis, Vasilios"]
[Result "0-1"]
[WhiteElo "2002"]
[BlackElo "2148"]
[PlyCount "66"]
[EventDate "2012.04.17"]
[EventType "swiss"]
[EventRounds "7"]
[EventCountry "GRE"]
[SourceTitle "EXT 2014"]
[Source "ChessBase"]
[SourceDate "2013.11.20"]
[SourceVersion "1"]
[SourceVersionDate "2013.11.20"]
[SourceQuality "1"]

1. c4 e5 2. g3 c6 3. d4 exd4 4. Qxd4 d5 5. Bg2 Be6 6. cxd5 cxd5 7. Nh3 Nc6 8. Qa4 Nf6 9. 0-0 Bc5 10. Nf4 0-0 11. Nc3 Rc8 12. Qd1 Bd4 13. Nb5 Be5 14. Nd3 Qb6 15. Na3 Bg4 16. Nxe5 Nxe5 17. Nc2 d4 18. Ne1 Rfe8 19. h3 Bh5 20. g4 Bg6 21. b3 Ne4 22. Bxe4 Bxe4 23. Bf4 Rc3 24. f3 d3+ 25. e3 Ng6 26. Bg3 Qxe3+ 27. Bf2 Qe2 28. fxe4 Nf4 29. Bg3 Nxh3+ 30. Kh1 Qxf1+ 31. Kh2 Qg1+ 32. Kxh3 Qh1+ 33. Bh2 d2+ 0-1

[Event "White Tower op 5th Balkan Cup"]
[Site "Thessaloniki"]
[Date "2001.12.23"]
[Round "3"]
[White "Gountras, Klearhos Agelos"]
[Black "Erdogdu, Mert"]
[Result "1/2-1/2"]
[WhiteElo "2070"]
[BlackElo "2310"]
[PlyCount "112"]
[EventDate "2001.12.21"]
[EventType "swiss"]
[EventRounds "9"]
[EventCountry "GRE"]
[SourceTitle "EXT 2003"]
[Source "ChessBase"]
[SourceDate "2002.11.25"]
[SourceVersion "1"]
[SourceVersionDate "2002.11.25"]
[SourceQuality "1"]

1. d4 Nf6 2. c4 g6 3. Nc3 d5 4. cxd5 Nxd5 5. e4 Nxc3 6. bxc3 Bg7 7. Bb5+ c6 8. Ba4 0-0 9. Ne2 b5 10. Bb3 a5 11. a4 b4 12. cxb4 axb4 13. Be3 Bb7 14. Rc1 e5 15. dxe5 Bxe5 16. Bc5 Re8 17. Qxd8 Rxd8 18. Bxb4 c5 19. Bxc5 Bxe4 20. 0-0 Bc6 21. Bb6 Rd2 22. Rc2 Rxc2 23. Bxc2 Bxa4 24. Bxa4 Rxa4 25. Be3 Nd7 26. g3 h5 27. Rd1 Nf6 28. Bd4 Bxd4 29. Nxd4 Ra2 30. Nf3 Ne4 31. Rf1 g5 32. h3 Kg7 33. Kg2 g4 34. hxg4 hxg4 35. Ne5 f5 36. Nd3 Rd2 37. Nf4 Kf6 38. Kg1 Ke5 39. Ng2 Ra2 40. Ne3 Ng5 41. Kg2 Ne4 42. Kg1 Re2 43. Kg2 Kf6 44. Nd5+ Ke5 45. Ne3 Kf6 46. Nd5+ Kg5 47. Nf4 Ra2 48. Kg1 Kf6 49. Nd5+ Ke5 50. Ne3 Ng5 51. Kg2 Nh3 52. Nd1 f4 53. Re1+ Kf5 54. gxf4 Kxf4 55. Re8 Rd2 56. Rf8+ Kg5 1/2-1/2